| 000 | 00461cam a2200169 4500 | ||
|---|---|---|---|
| 005 | 20210913103447.0 | ||
| 008 | 210913b nq ||||| |||| 00| 0 spa d | ||
| 050 | 0 | 4 |
_aPQ7519.D3 _bD37 1988 |
| 100 | 1 | _aDario, Rubén | |
| 245 | 1 | 0 |
_aAzul / _cRuben Darío. |
| 250 | _aprimera edición | ||
| 260 |
_aNicaragua : _bNueva Nicaragua, _c1988 |
||
| 300 |
_a414 p. ; _c20 cm. |
||
| 490 | 0 | _aColección Azul | |
| 650 | 4 | _aLiteratura Nicaragüense | |
| 942 |
_2lcc _cLIB |
||
| 999 |
_c157567 _d157565 |
||